Baltoro express aj s K2 slovenská dvojica Jozef Kopold a Vladimír Plulík odchádza na štyri osemtisícovky v Karakorame

Bibliographic Details
Main Author: Vranka, Milan, 1959- (Author)
Format: Article
Language:Slovak
PhysicalDescription:Fotogr.
ISSN:0139-7001
Subjects:

MARC

LEADER 00000nab a2200000 ar4500
001 vtls009298095
003 SK-MaSNL
005 20260303051714.0
008 080528c20080521xo wr|p|||||||000 b|slo
015 |a SNBRB2008/07  |2 snkbucl 
038 |a SNKBUCL 
040 |a SNKBUCL  |b slo  |c SNKBUCL  |e AACR2 
041 0 |a slo 
044 |a xo  |c SK 
080 |a 796.524.071  |2 2001 
100 1 |a Vranka, Milan,  |d 1959-  |4 aut  |9 147240 
245 1 0 |a Baltoro express aj s K2  |b slovenská dvojica Jozef Kopold a Vladimír Plulík odchádza na štyri osemtisícovky v Karakorame  |c Milan Vranka 
300 |b Fotogr. 
600 1 7 |a Kopold, Jozef,  |d 1980-  |2 snkbucl  |9 108206 
600 1 7 |a Plulík, Vladimír,  |d 1963-2008  |2 snkbucl  |9 161446 
650 0 7 |a horolezectvo  |2 snkbucl  |9 1050 
773 0 |t Šport  |g Roč. 62, č. 117 (21.5.2008), s. 35  |x 0139-7001 
852 |a SNK  |b KIS3GCP 
999 |c 1712431  |d 1714361